LEADER 01239nam a2200277 4500 001 000000353500 003 CaOOAMICUS 005 20230503154757.0 008 230417s2022 it 000 u ita r 020 $a978-88-575-8647-2 040 $aSeMil$bita 100 1 $aJousse, Marcel,$d<1886-1961>.$0(OLS)http://semarc/name/35508 240 12$aL'anthropologie du geste.$0(OLS)http://semarc/title/443557 245 12$aL'antropologia del gesto / $cMarcel Jousse ; a cura di Antonello Colimberti. 264 1$aMilano ;$aUdine :$bMimesis,$c2022. 300 $a426 p. ;$c21 cm 490 1 $aMimesis. Kaliki, i viandanti ciechi ;$v2 650 4$aAntropologia culturale.$0(OLS)http://semarc/subject/2863 700 1 $aColimberti, Antonello.$0(OLS)http://semarc/name/117451 830 0$aMimesis. Kaliki, i viandanti ciechi ;$v2.$0(OLS)http://semarc/title/443559 850 $aSeMil 852 $aSeMil$W1$xVenegono$y1$m2R II 485$j239886$B244850$CSeMilBibl$Z2$F244850 $81 996 $6020$a978-88-575-8647-2$9(OLS)http://semarc/number/297989 996 $6245$aL'antropologia del gesto / $9(OLS)http://semarc/title/443558 996 $6264$aMilano ;$aUdine :$bMimesis$9(OLS)http://semarc/publisher/39598 LEADER 01278nam a2200241 i 4500 001 000000230229 003 CaOOAMICUS 005 20251027144241.0 008 140530s1859 xx u000 u fre u 013 $a209131 040 $aSeMil$bita 100 1 $aCalmet, Augustin,$c.$0(OLS)http://semarc/name/89253 245 10$aDictionnaire historique, archéologique, philologique, chronologique, géographique et littéral de la Bible, 1. R-Z /$cpar le révérend père dom Augustin Calmet. 250 $a4. éd. revue, corrigée, complétée et actualisée / par M. l'abbé A. F. James. 300 $a1328 p. 700 1 $aJames, Aime François.$0(OLS)http://semarc/name/79382 773 0 $aMigne, Jacques-Paul <1800-1875>$tEncyclopédie théologique, ou Série de dictionnaires sur toutes les parties de la science religieuse ..$dPetit-Montrouge : S'imprime et se vende chez J.-P. Migne, 1851.$g4$w()11876 850 $aSeMil 852 $aSeMil$W1$xVenegono$y1$m2S V 7 FA$j180575$B180575$CSeMilBibl$Z2$F191553 $8I 941 1 $a10 961 $aRecupero: Mantegazza 996 $6245$aDictionnaire historique, archéologique, philologique, chronologique, géographique et littéral de la Bible, 1. R-Z$9(OLS)http://semarc/title/328991